Estadísticas para Ciudades más Pobladas de Paraguay

Haz click aquí para intentar la prueba.

Estadísticas generales

  • Esta prueba ha sido intentada 41 veces
  • La puntuación promedio es 10 de 20

Estadísticas de respuestas

PoblaciónCiudad% Correcto
521,600Asunción
100%
304,300Ciudad del Este
90%
97,900Encarnación
79%
260,200Luque
69%
258,900San Lorenzo
66%
62,900Caaguazú
62%
180,200Fernando de la Mora
62%
63,500Concepción
55%
95,000Pedro Juan Caballero
55%
182,700Lambaré
52%
241,000Capiatá
48%
81,200Villa Elisa
45%
105,800Mariano Roque Alonso
41%
150,600Limpio
38%
144,100Ñemby
34%
71,700Coronel Oviedo
31%
65,200Hernandarias
28%
93,600Presidente Franco
21%
70,000San Antonio
21%
84,400Itaugúa
17%

Distribución de puntuación

Porcentaje por número respondido

Porcentaje de gente con cada puntuación

Historial de tus puntuaciones

No has intentado esta prueba.